000 00550cam a2200169 a 4500
005 20131010090432.0
008 020711s2002 nyua j 000 0 alb
041 0 _aeng
080 _a159.9
100 1 _aJohnson, Spencer.
245 1 0 _aKush ma ka lëvizur djathin :
_cSpencer Johnson. Përktheu : Majlinda Bregasi
246 _bWho moved my cheese
260 _bElta BS & Altini
_cc2002.
300 _a94 f. :
_bme il. ;
_c21 cm.
650 0 _vPsikologjia
942 _2udc
_cBK
999 _c94
_d94